<?xml version="1.0" encoding="UTF-8"?><?xml-stylesheet type="text/xsl" href="static/style.xsl"?><OAI-PMH xmlns="http://www.openarchives.org/OAI/2.0/" xmlns:xsi="http://www.w3.org/2001/XMLSchema-instance" xsi:schemaLocation="http://www.openarchives.org/OAI/2.0/ http://www.openarchives.org/OAI/2.0/OAI-PMH.xsd"><responseDate>2026-04-14T18:25:10Z</responseDate><request verb="GetRecord" identifier="oai:uvadoc.uva.es:10324/77151" metadataPrefix="marc">https://uvadoc.uva.es/oai/request</request><GetRecord><record><header><identifier>oai:uvadoc.uva.es:10324/77151</identifier><datestamp>2025-08-26T19:03:00Z</datestamp><setSpec>com_10324_1143</setSpec><setSpec>com_10324_931</setSpec><setSpec>com_10324_894</setSpec><setSpec>col_10324_1251</setSpec></header><metadata><record xmlns="http://www.loc.gov/MARC21/slim" xmlns:doc="http://www.lyncode.com/xoai" xmlns:xsi="http://www.w3.org/2001/XMLSchema-instance" xmlns:dcterms="http://purl.org/dc/terms/" xsi:schemaLocation="http://www.loc.gov/MARC21/slim http://www.loc.gov/standards/marcxml/schema/MARC21slim.xsd">
<leader>00925njm 22002777a 4500</leader>
<datafield tag="042" ind1=" " ind2=" ">
<subfield code="a">dc</subfield>
</datafield>
<datafield tag="720" ind1=" " ind2=" ">
<subfield code="a">Martín del Pozo, María Ángeles</subfield>
<subfield code="e">author</subfield>
</datafield>
<datafield tag="720" ind1=" " ind2=" ">
<subfield code="a">Rascón Estébanez, Débora</subfield>
<subfield code="e">author</subfield>
</datafield>
<datafield tag="260" ind1=" " ind2=" ">
<subfield code="c">2021</subfield>
</datafield>
<datafield tag="520" ind1=" " ind2=" ">
<subfield code="a">Although CLIL methodology is very relevant in education, it still confronts numerous challenges. One of them is the maximization of content learning, language learning and content competences acquisition. All factors in the teaching process are relevant: teachers, methods, classroom interaction, materials and assessment. This chapter centers on how summative assessment is presented in the exam models provided by textbooks publishers. Specifically, this analysis aims to show how several thinking skills are considered when content is being assessed.&#xd;
A corpus of 30 exam models was created, including the subjects of Social Science and Natural Science, different academic years and assorted terms. The questions and tasks were classified following the categories in Bloom’s Revised Taxonomy (BRT) (Anderson &amp; Krathwohl, 2001). This taxonomy is a model for classifying thinking according to six levels of complexity: remember, understand, apply, analyze, evaluate, create. The analysis grid includes information about the verbs used in the questions and tasks (define, compare, classify, evaluate inter alia.) These verbs are closely related to the thinking skills.&#xd;
Results show that the most assessed thinking skills in the analyzed exams correspond to the remember and understand categories in BRT. The analyzed exams assess content knowledge through different approaches, which do not interfere with language knowledge.&#xd;
The chapter concludes with suggestions of some possible ways of reconsidering CLIL methodology in the light of assessment tasks. Also, a recommendation of the importance of implementing HOTS (high order thinking skills) and how the teaching of low order thinking skills (LOTS) may be expanded to the teaching of HOTS</subfield>
</datafield>
<datafield tag="024" ind2=" " ind1="8">
<subfield code="a">Carrió-Pastor M.L., Bellés Fortuño B. (eds) Teaching Language and Content in Multicultural and Multilingual Classrooms, 2021, p.  339–368</subfield>
</datafield>
<datafield tag="024" ind2=" " ind1="8">
<subfield code="a">978-3-030-56614-2</subfield>
</datafield>
<datafield tag="024" ind2=" " ind1="8">
<subfield code="a">https://uvadoc.uva.es/handle/10324/77151</subfield>
</datafield>
<datafield tag="024" ind2=" " ind1="8">
<subfield code="a">339</subfield>
</datafield>
<datafield tag="024" ind2=" " ind1="8">
<subfield code="a">368</subfield>
</datafield>
<datafield tag="024" ind2=" " ind1="8">
<subfield code="a">Teaching Language and Content in Multicultural and Multilingual Classrooms</subfield>
</datafield>
<datafield ind1=" " ind2=" " tag="653">
<subfield code="a">language education</subfield>
</datafield>
<datafield tag="245" ind1="0" ind2="0">
<subfield code="a">Thinking Skills in Exam Models for CLIL Primary Subjects: Some Reflections for Teachers</subfield>
</datafield>
</record></metadata></record></GetRecord></OAI-PMH>